000 00566nam a2200193Ia 4500
008 191130s1997##################000#0#eng##
020 _a406894140
040 _aACL
_cACL
082 _a348.4204 VAN
245 _aThe all England law reports 1997
_cedited by caroline vandridge ames llm
260 _aLondon
_bButterworth & Co
_c1997
300 _a992 p.; 23 cm.
650 _aLaw- Reports
700 _aVandridge Ames, Caroline
710 _aVandridge ames LLM
990 _a027d9234ac10000c1d03141fc83f0bdf
991 _a388256
999 _c300792
_d300792